Sitar / (Record no. 45237)

MARC details
000 -LEADER
fixed length control field 01108njm a22002657a 4500
005 - DATE AND TIME OF LATEST TRANSACTION
control field 20100910153254.0
006 - FIXED-LENGTH DATA ELEMENTS--ADDITIONAL MATERIAL CHARACTERISTICS--GENERAL INFORMATION
fixed length control field a|||||r|||||00| 0
007 - PHYSICAL DESCRIPTION FIXED FIELD--GENERAL INFORMATION
fixed length control field sd ammalaaahaa
008 - FIXED-LENGTH DATA ELEMENTS--GENERAL INFORMATION
fixed length control field 100830t xxu||||| |||| 00| 0 eng d
028 ## - PUBLISHER NUMBER
Publisher number SELRZ-3
Source Regal
035 ## - SYSTEM CONTROL NUMBER
System control number GR-01906
040 ## - CATALOGING SOURCE
Original cataloging agency SED
Transcribing agency SED
100 ## - MAIN ENTRY--PERSONAL NAME
Personal name Bhattacharya,Indraneel
9 (RLIN) 19323
245 ## - TITLE STATEMENT
Title Sitar /
Statement of responsibility, etc sung by Indraneel Bhattacharya
Medium [sound recording]:
246 ## - VARYING FORM OF TITLE
Title proper/short title सितार /
260 ## - PUBLICATION, DISTRIBUTION, ETC. (IMPRINT)
Place of publication, distribution, etc Dum Dum, India:
Name of publisher, distributor, etc Regal
Date of publication, distribution, etc 1969
300 ## - PHYSICAL DESCRIPTION
Extent 1 sound disc [GramphoneRecording]:
Other physical details analog,33 1/3 rpm
Dimensions 12.5 in.(LP)
Type of unit Gramphones Records
500 ## - GENERAL NOTE
General note Brief Record
505 ## - FORMATTED CONTENTS NOTE
Formatted contents note Side1 राग बिहाग -तीन ताल (Raag bihag-teen taal ) (Indraneel Bhattacharya ) Side 2 राग पुरिया धनाश्री -रूपक (raag puria dhanashri-rupak) (Indraneel Bhattacharya).
650 ## - SUBJECT ADDED ENTRY--TOPICAL TERM
General subdivision Excerpts
Geographic subdivision India
9 (RLIN) 17446
Topical term or geographic name as entry element Motion picture music
700 ## - ADDED ENTRY--PERSONAL NAME
Personal name Anandji, Kalyanji
9 (RLIN) 19523
700 ## - ADDED ENTRY--PERSONAL NAME
Personal name Indiwar
9 (RLIN) 19567
942 ## - ADDED ENTRY ELEMENTS (KOHA)
Source of classification or shelving scheme Dewey Decimal Classification
Item type Gramaphone Records
Holdings
Withdrawn status Lost status Source of classification or shelving scheme Damaged status Not for loan Collection code Home library Current library Date acquired Source of acquisition Total Checkouts Barcode Date last seen Copy number Price effective from Koha item type
    Dewey Decimal Classification   Not For Loan Non-fiction Central Library Central Library 10/09/2010 SED/VEN   GR-01906 10/09/2010 1 10/09/2010 Gramaphone Records

© Delhi Public Library
Hit Counter
free hit counter